Normal view
MARC view
- Ebora, Joshua.
Entry Personal Name
001 - CONTROL NUMBER
- control field: 60609
003 - CONTROL NUMBER IDENTIFIER
- control field: OSt
005 - DATE AND TIME OF LATEST TRANSACTION
- control field: 20240911090125.0
008 - FIXED-LENGTH DATA ELEMENTS
- fixed length control field: 240911|| aca||aabn | a|a d
040 ## - CATALOGING SOURCE
- Original cataloging agency: OSt
- Transcribing agency: OSt
100 ## - HEADING--PERSONAL NAME
- Personal name: Ebora, Joshua.
- Relator term: author.
670 ## - SOURCE DATA FOUND
- Source citation: Work cat.: (OSt): Ebora, Joshua. author., Teaching the language revolutionaries :, November 2019.
